LEADER 03132nam 2200409z- 450 001 9910404236803321 005 20210211 010 $a989-26-0710-4 035 $a(CKB)4100000011302590 035 $a(oapen)https://directory.doabooks.org/handle/20.500.12854/41386 035 $a(oapen)doab41386 035 $a(EXLCZ)994100000011302590 100 $a20202102d2014 |y 0 101 0 $apor 135 $aurmn|---annan 181 $ctxt$2rdacontent 182 $cc$2rdamedia 183 $acr$2rdacarrier 200 00$aAs colec?o?es de escultura em madeira do Museu Gra?o Vasco e do Museu Nacional de Arte Antiga: um contributo da cie?ncia para a arte 210 $cCoimbra University Press$d2014 215 $a1 online resource (87 p.) 225 1 $aTheke 311 08$a989-26-0530-6 327 $aPequena nota sobre a histo?ria deste projeto / Cristina Nabais e Dalila Rodrigues -- Arte e cie?ncia : uma perspetiva este?tica, histo?rica e filoso?fica / Cristina Nabais -- Anatomia da madeira : a chave para a identificac?a?o / Cristina Nabais -- Identific?a?o das madeira : implicac?o?es no inventa?rio museolo?gico e na conservac?a?o e restauro / Elis Marc?al e Anto?nio Gouveia -- As madeiras da colec?a?o de escultura do Museu Nacional de Arte Antiga e do Museu Gra?o Vasco : um estudio comparativo / Cristina Nabais e Anto?nio Gouveia -- As esculturas em madeira da colec?a?o do Museu Nacional de Arte Antiga : notas sobre os resultados da indentific?a?o anatomica / Maria Joa?o Vilhena de Carvalho -- Listagem das esculturas idenficadas no MNAA -- Listagem das esculturas identificadas no MGV. 330 $aNo a?mbito do projectode investigac?a?o financiado pela Fundac?a?o para a Cie?ncia eTecnologia sobre o "Estudo das madeiras da colecc?a?o do MuseuNacional de Arte Antiga e Museu Gra?o Vasco - implicac?o?es na conservac?a?o erestauro", o objectivo central foiidentificar as madeiras da colecc?a?o de escultura dos referidos museus, cujosresultados agora se publicam. Aintervenc?a?o de especialistas de va?rias a?reas cienti?ficas contribuiu para amultiplicidade das concluso?es que podem tirar-se e para o significativo avanc?ono conhecimento da Colecc?a?o. Isso salienta-se na?o so? ao ni?vel da identificac?a?ote?cnica e comportamento este?tico dos materiais, mas tambe?m no que diz respeito 517 $aAs coleções de escultura em madeira do Museu Grão Vasco e do Museu Nacional de Arte Antiga 517 $aAs coleções de escultura em madeira do Museu Grão Vasco e do Museu Nacional de Arte Antiga 606 $aWood sculpture$xConservation and restoration$zPortugal 606 $aChristian art and symbolism$zPortugal$yModern period, 1500- 615 0$aWood sculpture$xConservation and restoration 615 0$aChristian art and symbolism 701 $aNabais$b Cristina$01244452 701 $aRodrigues$b Dalila$01371797 906 $aBOOK 912 $a9910404236803321 996 $aAs colec?o?es de escultura em madeira do Museu Gra?o Vasco e do Museu Nacional de Arte Antiga$93401428 997 $aUNINA LEADER 02420nas 2200769-a 450 001 9910139545303321 005 20260218113023.0 035 $a(DE-599)ZDB2733487-9 035 $a(CKB)958480175606 035 $a(CONSER)---87640329- 035 $a(DE-599)2733487-9 035 $a(EXLCZ)99958480175606 100 $a19861107a19879999 --- a 101 0 $aeng 181 $ctxt$2rdacontent 182 $cc$2rdamedia 183 $acr$2rdacarrier 200 00$aComplex systems 210 $a[Champaign, IL, USA] $c[Complex Systems Publications]$d[©1987]- 215 $a1 online resource 300 $aRefereed/Peer-reviewed 300 $aTitle from cover. 311 08$aPrint version: 0891-2513 (DLC) 87640329 (OCoLC)14687206 531 0 $aComplex syst. 606 $aCellular automata$vPeriodicals 606 $aCellular automata 606 $aMathematical models 606 $aSystem theory 606 $aModels, Theoretical 606 $aSystems Theory 606 $afizika 606 $aperiodika$xNPA$xELTE 606 $aAutomates cellulaires 606 $aAutomates cellulaires$vPériodiques 606 $aModèles mathématiques 606 $aThéorie des systèmes 606 $amathematical models$2aat 606 $a54.30 technical structure of computer systems: general$3(NL-LeOCL)077605225$2bcl 606 $aSystem theory$2fast$3(OCoLC)fst01141423 606 $aMathematical models$2fast$3(OCoLC)fst01012085 606 $aCellular automata$2fast$3(OCoLC)fst00850276 608 $aPeriodical. 608 $aPeriodicals.$2fast 608 $aPeriodicals.$2lcgft 615 0$aCellular automata 615 0$aCellular automata. 615 0$aMathematical models. 615 0$aSystem theory. 615 2$aModels, Theoretical. 615 2$aSystems Theory. 615 04$afizika 615 04$aperiodika$xNPA$xELTE 615 6$aAutomates cellulaires. 615 6$aAutomates cellulaires 615 6$aModèles mathématiques. 615 6$aThéorie des systèmes. 615 7$amathematical models. 615 7$a54.30 technical structure of computer systems: general. 615 7$aSystem theory. 615 7$aMathematical models. 615 7$aCellular automata. 676 $a006.3 906 $aJOURNAL 912 $a9910139545303321 920 $aexl_impl conversion 996 $aComplex Systems$9374125 997 $aUNINA